000 00727nam a22001817a 4500
003 BUBTL
008 180910b xxu||||| |||| 00| 0 eng d
020 _a984-70114-0143-x
082 _a954.92 / MAP
100 _91810
_aমামুন, মুনতাসীর
245 _aপাকিস্তানি জেনারেলদের মন :
_bবাঙালি বাংলাদেশ মুক্তিযুদ্ধ /
_cমুনতাসীর মামুন
260 _aঢাকা :
_bসময় প্রকাশন,
_cc2010.
300 _a544 p. :
_c21.5 cm.
650 0 _91755
_aমুক্তিযুদ্ধ
856 _k0
_l0
_yDownload
942 _2ddc
_cBK
999 _c5788
_d5788